000 00586nam a2200169 4500
001 111398
003 ES-MaACL
005 20230906185308.0
007 t|
008 061121s1942 sp r ||||1| spa d
100 1 _aNájera Angulo, Luis.
_984870
245 1 0 _aObservaciones a un supuesto caso de Bilharziosis ocular /
_cpor el Dr. Luis Nájera Angulo.
260 _aMadrid :
_b[s.n.],
_c1942 (
_fImp. J. Cosano)
300 _a14 p. ;
_c25 cm.
500 _aSeparata de la Rev. de Sanidad e Higiene Pública . Año XVI, nº 1 Ene-Feb. 1942.
852 _aES-MaACL
_j1715-F-29
_bR.19856
999 _c111398
_d111398